Shadow tag / by Louise Erdrich.
Available copies
- 5 of 5 copies available at LARL/NWRL Consortium.
- 1 of 1 copy available at Lake Agassiz Regional Library. (Show preferred library)
Current holds
0 current holds with 5 total copies.
Show Only Available Copies
| Location | Call Number / Copy Notes | Barcode | Shelving Location | Status | Due Date |
|---|---|---|---|---|---|
| Bagley Public Library | ERD (Text) | 33500012772638 | Main | Available | - |
| Karlstad LINK Site | ERD (Text) | 35500004641609 | Main | Available | - |
| Red Lake Falls Public Library | ERD (Text) | 35500004657217 | Main | Available | - |
| Roseau Public Library | ERD (Text) | 35500004661813 | Main | Available | - |
| Thief River Falls Public Library | ERD (Text) | 35500004641393 | Main | Available | - |
Record details
- ISBN: 9780061536106
- ISBN: 9780061536090
- ISBN: 0061536091
- Physical Description: p. ; cm.
- Edition: 1st ed.
- Publisher: New York : Harper, 2010.
Content descriptions
| Summary, etc.: | Chronciles the emotional war between Irene ... Read More |
Search for related items by subject
| Subject: | Families > Fiction. Artists > Family relationships > Fiction. Alcoholism > Fiction. |
| Genre: | Diary fiction. Domestic fiction. Psychological fiction. |
| LDR | 01903cam a22004218a 4500 | ||
|---|---|---|---|
| 001 | 112030 | ||
| 003 | LARL_NWRL_CONSORTIUM | ||
| 005 | 20100106104612.0 | ||
| 008 | 090813s2010 nyu 000 1 eng | ||
| 010 | . | ‡a2009033699 | |
| 015 | . | ‡aGBA9A3749 ‡2bnb | |
| 016 | 7 | . | ‡a015402200 ‡2Uk |
| 020 | . | ‡a9780061536106 | |
| 020 | . | ‡a9780061536090 | |
| 020 | . | ‡a0061536091 | |
| 035 | . | ‡a(OCoLC)419856054 | |
| 040 | . | ‡aDLC ‡cDLC ‡dBTCTA ‡dUKM ‡dUPZ | |
| 082 | 0 | 0. | ‡a813/.54 ‡222 |
| 100 | 1 | . | ‡aErdrich, Louise. ‡0(LARL_NWRL_CONSORTIUM)76652 |
| 245 | 1 | 0. | ‡aShadow tag / ‡cby Louise Erdrich. |
| 250 | . | ‡a1st ed. | |
| 260 | . | ‡aNew York : ‡bHarper, ‡c2010. | |
| 300 | . | ‡ap. ; ‡ccm. | |
| 520 | . | ‡aChronciles the emotional war between Irene America, a beautiful, introspective woman of Native American ancestry, struggling to finish her dissertation while raising three children, and her husband Gil, a painter whose reputation is built on a series of now iconic portraits of Irene. | |
| 650 | 0. | ‡aFamilies ‡vFiction. ‡0(LARL_NWRL_CONSORTIUM)164942 | |
| 650 | 0. | ‡aArtists ‡xFamily relationships ‡vFiction. | |
| 650 | 0. | ‡aAlcoholism ‡vFiction. | |
| 655 | 0. | ‡aDiary fiction. | |
| 655 | 0. | ‡aDomestic fiction. | |
| 655 | 0. | ‡aPsychological fiction. | |
| 901 | . | ‡a112030 ‡bOCLC ‡c112030 ‡tbiblio | |

Add to basket
Permalink
Disable Highlighting